[Event "Ruhrgebiet Verbandsliga1 1112"]
[Site "Nordrheinwestfalen"]
[Date "2012.03.25"]
[Round "8.1"]
[White "Nissen, Claus"]
[Black "Krueger, Andre"]
[Result "1/2-1/2"]
[WhiteElo "2140"]
[BlackElo "2067"]
[PlyCount "37"]
[EventDate "2012.09.18"]
[EventType "team-tourn"]
[EventRounds "9"]
[EventCountry "GER"]
[SourceTitle "EXT 2020"]
[Source "ChessBase"]
[SourceDate "2019.10.17"]
[SourceVersion "1"]
[SourceVersionDate "2019.10.17"]
[SourceQuality "1"]
[WhiteTeam "Essen Ueberruhr"]
[BlackTeam "Muelheim Nord III"]
[WhiteTeamCountry "GER"]
[BlackTeamCountry "GER"]

1. d4 d5 2. c4 c6 3. cxd5 cxd5 4. Nc3 Nf6 5. Bf4 Nc6 6. e3 e6 7. Bd3 Bd6 8. Nge2 Bxf4 9. Nxf4 Bd7 10. 0-0 0-0 11. Rc1 Rc8 12. Bb1 Ne8 13. Qh5 f5 14. Qe2 Nd6 15. a3 Na5 16. Ba2 Nac4 17. Nd3 Kh8 18. Bxc4 Nxc4 19. Ne5 1/2-1/2

[Event "Ruhrgebiet Verbandsliga1 1112"]
[Site "Nordrheinwestfalen"]
[Date "2012.02.12"]
[Round "6.1"]
[White "Nissen, Claus"]
[Black "Quast, Marcel"]
[Result "0-1"]
[WhiteElo "2140"]
[BlackElo "2113"]
[PlyCount "50"]
[EventDate "2012.09.18"]
[EventType "team-tourn"]
[EventRounds "9"]
[EventCountry "GER"]
[SourceTitle "EXT 2020"]
[Source "ChessBase"]
[SourceDate "2019.10.17"]
[SourceVersion "1"]
[SourceVersionDate "2019.10.17"]
[SourceQuality "1"]
[WhiteTeam "Essen Ueberruhr"]
[BlackTeam "Gerthe Werne"]
[WhiteTeamCountry "GER"]
[BlackTeamCountry "GER"]

1. d4 f5 2. Nf3 Nf6 3. Nc3 d5 4. Bf4 e6 5. e3 Be7 6. Be2 0-0 7. Ne5 a6 8. g4 fxg4 9. h3 g3 10. Bxg3 c5 11. h4 Nc6 12. h5 cxd4 13. exd4 Qb6 14. Nxc6 bxc6 15. Qd2 Qxb2 16. Rb1 Qa3 17. Rg1 Bb4 18. Rb3 Qa5 19. Be5 Ra7 20. Kf1 Ne4 21. Qh6 Rxf2+ 22. Ke1 Bxc3+ 23. Kd1 Rff7 24. Bd3 Bb4 25. a3 Bd2 0-1

[Event "Ruhrgebiet Verbandsliga1 1112"]
[Site "Nordrheinwestfalen"]
[Date "2011.12.11"]
[Round "4.1"]
[White "Grosse Frintrop, Gerd"]
[Black "Nissen, Claus"]
[Result "0-1"]
[WhiteElo "1963"]
[BlackElo "2140"]
[PlyCount "74"]
[EventDate "2012.09.18"]
[EventType "team-tourn"]
[EventRounds "9"]
[EventCountry "GER"]
[SourceTitle "EXT 2020"]
[Source "ChessBase"]
[SourceDate "2019.10.17"]
[SourceVersion "1"]
[SourceVersionDate "2019.10.17"]
[SourceQuality "1"]
[WhiteTeam "Buer SF"]
[BlackTeam "Essen Ueberruhr"]
[WhiteTeamCountry "GER"]
[BlackTeamCountry "GER"]

1. d4 e6 2. c4 c5 3. d5 exd5 4. cxd5 d6 5. Nc3 g6 6. e4 Bg7 7. f3 Ne7 8. f4 0-0 9. Nf3 Bg4 10. Be2 Bxf3 11. Bxf3 Qa5 12. 0-0 b5 13. e5 Nd7 14. Kh1 Rab8 15. e6 Nf6 16. Ne4 Nxe4 17. Bxe4 Qb4 18. Qf3 Qc4 19. b3 Qd4 20. Be3 Qxa1 21. Rxa1 Bxa1 22. g4 f5 23. gxf5 Nxf5 24. Bxf5 Rxf5 25. Bxc5 dxc5 26. Qe4 Rff8 27. e7 Rfe8 28. Qe6+ Kg7 29. d6 Bf6 30. Qd5 c4 31. bxc4 bxc4 32. Qxc4 Rec8 33. Qe6 Rc1+ 34. Kg2 Rb2+ 35. Kf3 Rc3+ 36. Ke4 Rb4+ 37. Kd5 Rd4# 0-1